Normal view
MARC view
- Group theory The application to Quantum mechanics
Entry Topical Term
001 - CONTROL NUMBER
- control field: 125132
003 - CONTROL NUMBER IDENTIFIER
- control field: NUST
005 - DATE AND TIME OF LATEST TRANSACTION
- control field: 20240813171713.0
008 - FIXED-LENGTH DATA ELEMENTS
- fixed length control field: 240813|| aca||aabn | a|a d
040 ## - CATALOGING SOURCE
- Original cataloging agency: NUST
- Transcribing agency: NUST
150 ## - HEADING--TOPICAL TERM
- Topical term or geographic name entry element: Group theory The application to Quantum mechanics
670 ## - SOURCE DATA FOUND
- Source citation: Work cat.: (NUST): Paul H.E Meijer 125130, Group theory The application to Quantum mechanics , 1965.
